[Event "Arab Clubs-chT 5th"]
[Site "Damascus"]
[Date "2003.07.17"]
[Round "1"]
[White "Faraj, Yahya Saleh"]
[Black "Al Haisamwi, Sameer"]
[Result "1-0"]
[WhiteElo "2223"]
[BlackElo "2187"]
[PlyCount "71"]
[EventDate "2003.07.17"]
[EventType "team"]
[EventRounds "9"]
[EventCountry "SYR"]
[SourceTitle "CBM 095 Extra"]
[Source "ChessBase"]
[SourceDate "2003.09.04"]
[SourceVersion "1"]
[SourceVersionDate "2003.09.04"]
[SourceQuality "1"]

1. Nf3 Nf6 2. c4 g6 3. Nc3 Bg7 4. e4 0-0 5. d4 d6 6. Be2 e5 7. d5 Na6 8. 0-0 Nc5 9. Qc2 a5 10. Ne1 Re8 11. b3 c6 12. Ba3 cxd5 13. Bxc5 dxc5 14. cxd5 Bd7 15. Nd3 b6 16. Nb2 Bc8 17. Rad1 Nh5 18. Bxh5 gxh5 19. Nc4 f5 20. a4 Rf8 21. Rfe1 f4 22. f3 h4 23. h3 Kh8 24. d6 Bd7 25. Nd5 Rb8 26. Ne7 Bf6 27. Qc3 Be6 28. Nc6 Qd7 29. Nxb8 Rxb8 30. Kf2 Qg7 31. Rg1 Rg8 32. Ke2 Qg3 33. Qe1 Qg7 34. Kd3 Qb7 35. Qc3 Rd8 36. Ke2 1-0